000
00336nam a22001457a 4500
008
210301b ||||| |||| 00| 0 eng d
020
_a
2900136028962
041
_a
eng
080
_2
5th
_a
510
082
_a
510
100
_a
36
101
_a
MAT
245
_a
Trigonometry a Right Triangle Approach
_c
Sullivan, M
942
_2
udc
_c
BK
999
_c
55405
_d
55405